Telefonický marketing.

Ukážky z poradenského listu pre úspešnú telekomunikáciu (Telefonmarketing Praxis) sa budú v Praktickej škole marketingu uverejňovať pravideľne. Prvá ukážka sa týka optimalizácie nasadenia externej služby prostredníctvom telefonického marketingu.

Saved in:
Bibliographic Details
Format: Book Chapter
Language:Slovak
Subjects:
Tags: Add Tag
No Tags, Be the first to tag this record!

MARC

LEADER 00000naa a2200000 4500
001 r008533
005 20220831085145.4
041 0 |a slo 
044 |a [CS] 
245 1 0 |a Telefonický marketing. 
520 |a Ukážky z poradenského listu pre úspešnú telekomunikáciu (Telefonmarketing Praxis) sa budú v Praktickej škole marketingu uverejňovať pravideľne. Prvá ukážka sa týka optimalizácie nasadenia externej služby prostredníctvom telefonického marketingu. 
610 2 0 |a marketing 
610 2 0 |a telefón 
610 2 0 |a predaj 
610 2 0 |a testy 
610 2 0 |a zákazníci